Địa chất công trình Thạch luận công trình

محفوظ في:
التفاصيل البيبلوغرافية
المؤلف الرئيسي: Lomtadze, V D
التنسيق: كتاب
اللغة:Undetermined
منشور في: Hà Nội Đại học và Trung học chuyên nghiệp 1978
الموضوعات:
الوسوم: إضافة وسم
لا توجد وسوم, كن أول من يضع وسما على هذه التسجيلة!
Thư viện lưu trữ: Trung tâm Học liệu Trường Đại học Cần Thơ
LEADER 00621nam a2200193Ia 4500
001 CTU_14537
008 210402s9999 xx 000 0 und d
082 |a 624.151 
082 |b L846 
100 |a Lomtadze, V D 
245 0 |a Địa chất công trình 
245 0 |b Thạch luận công trình 
245 0 |c V D Lomtadze ; Phạm Xuân...[et.al] (dịch) 
260 |a Hà Nội 
260 |b Đại học và Trung học chuyên nghiệp 
260 |c 1978 
650 |a Engineering geology 
904 |i Nguyễn Quang Điền, 970106 
980 |a Trung tâm Học liệu Trường Đại học Cần Thơ